[Event "Kemerovo Region Cup sf"]
[Site "Kemerovo"]
[Date "2014.07.25"]
[Round "9"]
[White "Djexembinov, Sergey"]
[Black "Karelov, Pavel"]
[Result "1-0"]
[WhiteElo "2107"]
[BlackElo "1848"]
[PlyCount "87"]
[EventDate "2014.07.21"]
[EventType "swiss"]
[EventRounds "9"]
[EventCountry "RUS"]
[SourceTitle "EXT 2016"]
[Source "ChessBase"]
[SourceDate "2015.10.08"]
[SourceVersion "1"]
[SourceVersionDate "2015.10.08"]
[SourceQuality "1"]

1. e4 c5 2. c4 Nc6 3. Nc3 g6 4. g3 Bg7 5. Bg2 e6 6. Nge2 Nge7 7. 0-0 0-0 8. Rb1 d6 9. a3 Bd7 10. b4 b6 11. d3 Rb8 12. Be3 Nd4 13. Qd2 Nxe2+ 14. Nxe2 Qc7 15. Rfc1 e5 16. b5 f5 17. a4 Bc8 18. Bg5 Bb7 19. Rf1 Ra8 20. Nc3 Kh8 21. Bxe7 Qxe7 22. exf5 Bxg2 23. Kxg2 gxf5 24. Nd5 Qd7 25. f3 Rac8 26. Rf2 Qe6 27. Re2 Bh6 28. Qc3 Bg7 29. Qe1 Rfe8 30. a5 bxa5 31. Qxa5 Qd7 32. Rb3 Rb8 33. Ra3 Rb7 34. Qa6 Rc8 35. Rea2 h6 36. b6 axb6 37. Nxb6 Rxb6 38. Qxb6 d5 39. Ra7 Qe8 40. Rxg7 Kxg7 41. Ra7+ Kg8 42. Qxh6 Qf7 43. Rxf7 Kxf7 44. Qh7+ 1-0

[Event "Kemerovo Region Cup sf"]
[Site "Kemerovo"]
[Date "2014.07.22"]
[Round "3"]
[White "Djexembinov, Sergey"]
[Black "Kolosovskiy, Danil"]
[Result "1-0"]
[WhiteElo "2107"]
[BlackElo "2047"]
[PlyCount "89"]
[EventDate "2014.07.21"]
[EventType "swiss"]
[EventRounds "9"]
[EventCountry "RUS"]
[SourceTitle "EXT 2016"]
[Source "ChessBase"]
[SourceDate "2015.10.08"]
[SourceVersion "1"]
[SourceVersionDate "2015.10.08"]
[SourceQuality "1"]

1. Nf3 Nf6 2. g3 g6 3. Bg2 Bg7 4. 0-0 0-0 5. c4 d6 6. d4 Nc6 7. Nc3 a6 8. b3 e6 9. Bb2 d5 10. Rc1 Ne4 11. Nxe4 dxe4 12. Ne5 f5 13. Nxc6 bxc6 14. e3 Rf7 15. b4 Rb8 16. Bc3 Bf8 17. c5 Qd5 18. Qe2 Bb7 19. f3 exf3 20. Bxf3 Qd7 21. Qg2 Bh6 22. Rfe1 g5 23. h3 Ba8 24. Kh2 Rbf8 25. Rc2 Bg7 26. Rd2 Rf6 27. e4 Rh6 28. g4 Qf7 29. e5 Rh4 30. Kg1 f4 31. Rf1 Qe8 32. a4 Kf7 33. Rb2 Kg8 34. Kh2 Rh6 35. Qe2 Rh4 36. Be1 h5 37. Bxh4 hxg4 38. hxg4 gxh4 39. Qxa6 Qd7 40. Rd1 h3 41. Kxh3 Bh8 42. Rh2 Qh7+ 43. Kg2 Qc2+ 44. Kh3 Qb3 45. Qd3 1-0

[Event "Kemerovo Region Cup sf"]
[Site "Kemerovo"]
[Date "2014.07.22"]
[Round "2"]
[White "Gontcharov, Vladislav"]
[Black "Djexembinov, Sergey"]
[Result "1/2-1/2"]
[WhiteElo "2415"]
[BlackElo "2107"]
[PlyCount "113"]
[EventDate "2014.07.21"]
[EventType "swiss"]
[EventRounds "9"]
[EventCountry "RUS"]
[SourceTitle "EXT 2016"]
[Source "ChessBase"]
[SourceDate "2015.10.08"]
[SourceVersion "1"]
[SourceVersionDate "2015.10.08"]
[SourceQuality "1"]

1. d4 Nf6 2. c4 e6 3. Nf3 b6 4. g3 Bb7 5. Bg2 Be7 6. Nc3 0-0 7. Qc2 d5 8. Ne5 a6 9. 0-0 c6 10. Rd1 Nbd7 11. e4 Rc8 12. Bf4 h6 13. Qe2 Re8 14. h4 b5 15. exd5 exd5 16. cxd5 cxd5 17. Bh3 Ra8 18. Re1 Bb4 19. Qd3 Nxe5 20. Rxe5 Rxe5 21. Bxe5 Ne4 22. Ne2 Bc8 23. Bg2 Bb7 24. Rc1 Rc8 25. Rxc8 Qxc8 26. f3 Nf6 27. Bxf6 gxf6 28. b3 Bd6 29. Kf2 b4 30. Qd2 Kg7 31. Qc1 Qf5 32. f4 a5 33. Qd2 Ba6 34. Ng1 Bc7 35. Nf3 Bb6 36. Ne1 Bb5 37. Bf3 h5 38. Kg2 Kh6 39. Qd1 Ba7 40. Kf2 Bb6 41. Kg2 Ba7 42. Nc2 Qd3 43. Bxh5 Qxd1 44. Bxd1 Bd3 45. Kf3 Bxc2 46. Bxc2 Bxd4 47. g4 Bc3 48. Bf5 Bd2 49. Bd7 Be1 50. h5 Bd2 51. Be8 Kg7 52. Bc6 d4 53. Be4 Kh6 54. Bd3 Bc3 55. Ke4 Bd2 56. Bc4 Kg7 57. Kf5 1/2-1/2

[Event "Kemerovo Region Cup sf"]
[Site "Kemerovo"]
[Date "2014.07.21"]
[Round "1"]
[White "Djexembinov, Sergey"]
[Black "Smagina, Sofya"]
[Result "1-0"]
[WhiteElo "2107"]
[BlackElo "1729"]
[PlyCount "99"]
[EventDate "2014.07.21"]
[EventType "swiss"]
[EventRounds "9"]
[EventCountry "RUS"]
[SourceTitle "EXT 2016"]
[Source "ChessBase"]
[SourceDate "2015.10.08"]
[SourceVersion "1"]
[SourceVersionDate "2015.10.08"]
[SourceQuality "1"]

1. e4 c5 2. c4 d6 3. Nc3 Nf6 4. g3 g6 5. Bg2 Bg7 6. Nge2 0-0 7. 0-0 Nc6 8. Rb1 Bd7 9. h3 Ne5 10. d3 Rc8 11. a3 b6 12. b4 cxb4 13. axb4 Nc6 14. Be3 Rb8 15. Kh2 a5 16. b5 Nb4 17. Na4 Be6 18. f4 Bg4 19. Qd2 Bxe2 20. Qxe2 Nd7 21. Rfd1 Nc5 22. Nxc5 dxc5 23. e5 f6 24. d4 Qc7 25. dxc5 bxc5 26. exf6 Bxf6 27. Qf2 Rfd8 28. Rxd8+ Rxd8 29. Bxc5 Nd3 30. Bb6 Qxc4 31. Qd2 Bc3 32. Qe2 Rd7 33. Bc6 Rd6 34. Rd1 Nb2 35. Bd5+ Rxd5 36. Qe6+ Kg7 37. Rxd5 Bf6 38. f5 a4 39. Rd8 Qc2+ 40. Kh1 Qb1+ 41. Bg1 Qxf5 42. Qxf5 gxf5 43. Ra8 Be5 44. Kg2 Kf7 45. b6 Ke6 46. b7 Kd5 47. b8Q Bxb8 48. Rxb8 a3 49. Ra8 Nc4 50. Ra7 1-0

[Event "Kemerovo-ch"]
[Site "Kemerovo"]
[Date "2014.04.06"]
[Round "2"]
[White "Djexembinov, Sergey"]
[Black "Chernov, Vadim A"]
[Result "1-0"]
[WhiteElo "2092"]
[BlackElo "2439"]
[PlyCount "91"]
[EventDate "2014.04.02"]
[EventType "swiss"]
[EventRounds "9"]
[EventCountry "RUS"]
[SourceTitle "CBM 160 Extra"]
[Source "ChessBase"]
[SourceDate "2014.07.01"]
[SourceVersion "1"]
[SourceVersionDate "2014.07.01"]
[SourceQuality "1"]

1. d4 Nf6 2. Nf3 g6 3. Bf4 Bg7 4. e3 d6 5. Bc4 0-0 6. h3 c6 7. a4 Bf5 8. 0-0 Nbd7 9. Nbd2 Kh8 10. g4 Be6 11. Bxe6 fxe6 12. Ng5 Qc8 13. Nxe6 Rg8 14. e4 Nf8 15. Nxg7 Kxg7 16. e5 Nd5 17. Bg3 Qd7 18. c4 Nc7 19. exd6 exd6 20. Ne4 Ne8 21. d5 c5 22. Qd2 h6 23. Qc3+ Kh7 24. Nf6+ Nxf6 25. Qxf6 Rd8 26. Rfe1 Rg7 27. Re3 Rf7 28. Qc3 g5 29. b3 Re7 30. Rxe7+ Qxe7 31. Re1 Qf7 32. Qe3 Kg7 33. Qe7 Rd7 34. Bxd6 b6 35. Qxf8+ Qxf8 36. Bxf8+ Kxf8 37. Re6 Kg7 38. Kg2 Rf7 39. d6 a6 40. Re7 Rxe7 41. dxe7 Kf7 42. Kf3 Kxe7 43. Ke4 Ke6 44. f4 gxf4 45. Kxf4 Kf6 46. h4 1-0

[Event "Kuzbass-ch op"]
[Site "Kemerovo"]
[Date "2011.10.19"]
[Round "7"]
[White "Ermakov, Jan"]
[Black "Djexembinov, Sergey"]
[Result "1/2-1/2"]
[WhiteElo "2122"]
[BlackElo "2032"]
[PlyCount "85"]
[EventDate "2011.10.14"]
[EventType "swiss"]
[EventRounds "9"]
[EventCountry "RUS"]
[SourceTitle "EXT 2012"]
[Source "ChessBase"]
[SourceDate "2011.11.24"]
[SourceVersion "1"]
[SourceVersionDate "2011.11.24"]
[SourceQuality "1"]

1. f4 g6 2. Nf3 Bg7 3. e3 d5 4. Be2 Nf6 5. 0-0 0-0 6. d3 b6 7. Qe1 Bb7 8. Qh4 e6 9. Nbd2 c5 10. g4 Nfd7 11. Qg3 f5 12. Ng5 Qe7 13. Ndf3 Nc6 14. gxf5 exf5 15. Nh4 Rf6 16. Bf3 Nb4 17. Qg2 h6 18. Nh3 Kh7 19. a3 Rd6 20. axb4 Qxh4 21. b5 Qe7 22. c4 Nf6 23. Ra2 Rd7 24. Nf2 dxc4 25. Bxb7 Rxb7 26. dxc4 Re8 27. b3 Rd7 28. Kh1 Ne4 29. Nxe4 Qxe4 30. Qxe4 Rxe4 31. Kg2 Bc3 32. Kf3 Ba5 33. Ke2 Rde7 34. Kf3 Bc3 35. Rd1 g5 36. Rd5 gxf4 37. exf4 Re1 38. Rc2 Bd4 39. Rxf5 Rf1+ 40. Kg2 Rg1+ 41. Kf3 Rf1+ 42. Kg2 Rg1+ 43. Kf3 1/2-1/2